000 00903nam a2200301 a 4500
001 41204
003 BD-RjUL
005 20211209053339.0
008 160517s1962 enk||||| |||| 001 0 eng d
020 _c(V-3)
020 _c(V-1)
035 _a(BD-RjUL) 41320
040 _aBD-RjUL
_beng
_cBD-RjUL
041 _aeng
082 _223
_a320.941
_bJEP 1960-1962
100 1 _aJennings, Ivor
_9125300
245 1 0 _aParty Politics /
_cIvor Jennings
260 _aCambridge :
_bAt the University Press,
_c1960-1962
300 _aVol. ;
_c23 cm.
490 _aParty politics ;
_v 3
490 _aParty politics ;
_v1
500 _aIncludes index
505 0 _aVol. 3 (The Stuff of Politics) --- V. 1 (Appeal to the People) ---
650 _aPolitics and government
_zGreat Britain
_9123847
830 _aParty politics ;
_v 3
_9126766
830 _aParty politics ;
_v1
_9126766
942 _2ddc
_cBK
999 _c41204
_d41204